Sổ tay thầy thuốc thú y

में बचाया:
ग्रंथसूची विवरण
मुख्य लेखक: Phạm, Sỹ Lăng
स्वरूप: पुस्तक
भाषा:Undetermined
प्रकाशित: Hà Nội Nông nghiệp 2007
विषय:
टैग : टैग जोड़ें
कोई टैग नहीं, इस रिकॉर्ड को टैग करने वाले पहले व्यक्ति बनें!
Thư viện lưu trữ: Trung tâm Học liệu Trường Đại học Cần Thơ
LEADER 00572nam a2200205Ia 4500
001 CTU_128971
008 210402s9999 xx 000 0 und d
020 |c 36000 
082 |a 636.089 
082 |b L116/T.1 
100 |a Phạm, Sỹ Lăng 
245 0 |a Sổ tay thầy thuốc thú y 
245 0 |c Phạm Sỹ Lăng 
260 |a Hà Nội 
260 |b Nông nghiệp 
260 |c 2007 
650 |a Veterinary medicine,Poultry,Animal husbandry 
650 |x Diseases 
904 |i Minh 
980 |a Trung tâm Học liệu Trường Đại học Cần Thơ